<?xml version="1.0" encoding="UTF-8"?>
<record
    xmlns:xsi="http://www.w3.org/2001/XMLSchema-instance"
    xsi:schemaLocation="http://www.loc.gov/MARC21/slim http://www.loc.gov/standards/marcxml/schema/MARC21slim.xsd"
    xmlns="http://www.loc.gov/MARC21/slim">

  <leader>00470nam a2200169Ia 4500</leader>
  <controlfield tag="003">OSt</controlfield>
  <controlfield tag="005">20240910124556.0</controlfield>
  <controlfield tag="008">240827s9999    xx            000 0 und d</controlfield>
  <datafield tag="020" ind1=" " ind2=" ">
    <subfield code="a">9789355324733</subfield>
  </datafield>
  <datafield tag="082" ind1=" " ind2=" ">
    <subfield code="a">330.954</subfield>
    <subfield code="b">H91B</subfield>
  </datafield>
  <datafield tag="100" ind1=" " ind2=" ">
    <subfield code="a">&#x928;&#x93F;&#x924;&#x93F;&#x928; &#x938;&#x93F;&#x902;&#x918;&#x93E;&#x928;&#x93F;&#x92F;&#x93E; </subfield>
  </datafield>
  <datafield tag="245" ind1=" " ind2="0">
    <subfield code="a">&#x92D;&#x93E;&#x930;&#x924;&#x940;&#x92F; &#x905;&#x930;&#x94D;&#x925;&#x935;&#x94D;&#x92F;&#x935;&#x938;&#x94D;&#x925;&#x93E; </subfield>
  </datafield>
  <datafield tag="250" ind1=" " ind2=" ">
    <subfield code="a">4</subfield>
  </datafield>
  <datafield tag="260" ind1=" " ind2=" ">
    <subfield code="b">TMH</subfield>
    <subfield code="c">2023</subfield>
  </datafield>
  <datafield tag="500" ind1=" " ind2=" ">
    <subfield code="a">Indian EconomyEconomic SystemsAnalysis</subfield>
  </datafield>
  <datafield tag="942" ind1=" " ind2=" ">
    <subfield code="c">BK</subfield>
    <subfield code="2">ddc</subfield>
  </datafield>
  <datafield tag="999" ind1=" " ind2=" ">
    <subfield code="c">26879</subfield>
    <subfield code="d">26879</subfield>
  </datafield>
  <datafield tag="952" ind1=" " ind2=" ">
    <subfield code="0">0</subfield>
    <subfield code="1">0</subfield>
    <subfield code="4">0</subfield>
    <subfield code="7">0</subfield>
    <subfield code="a">CURAJ</subfield>
    <subfield code="b">CURAJ</subfield>
    <subfield code="c">CURAJ</subfield>
    <subfield code="d">2024-08-27</subfield>
    <subfield code="l">1</subfield>
    <subfield code="o">330.954 H91B</subfield>
    <subfield code="p">42751</subfield>
    <subfield code="q">2024-10-03</subfield>
    <subfield code="r">2024-10-03</subfield>
    <subfield code="s">2024-10-03</subfield>
    <subfield code="w">2024-08-27</subfield>
    <subfield code="y">BK</subfield>
  </datafield>
  <datafield tag="952" ind1=" " ind2=" ">
    <subfield code="0">0</subfield>
    <subfield code="1">0</subfield>
    <subfield code="4">0</subfield>
    <subfield code="7">0</subfield>
    <subfield code="a">CURAJ</subfield>
    <subfield code="b">CURAJ</subfield>
    <subfield code="c">CURAJ</subfield>
    <subfield code="d">2024-08-27</subfield>
    <subfield code="l">0</subfield>
    <subfield code="o">330.954 H91B</subfield>
    <subfield code="p">42752</subfield>
    <subfield code="r">2024-08-27</subfield>
    <subfield code="w">2024-08-27</subfield>
    <subfield code="y">BK</subfield>
  </datafield>
  <datafield tag="952" ind1=" " ind2=" ">
    <subfield code="0">0</subfield>
    <subfield code="1">0</subfield>
    <subfield code="4">0</subfield>
    <subfield code="7">0</subfield>
    <subfield code="a">CURAJ</subfield>
    <subfield code="b">CURAJ</subfield>
    <subfield code="c">CURAJ</subfield>
    <subfield code="d">2024-08-27</subfield>
    <subfield code="l">0</subfield>
    <subfield code="o">330.954 H91B</subfield>
    <subfield code="p">42753</subfield>
    <subfield code="r">2024-08-27</subfield>
    <subfield code="w">2024-08-27</subfield>
    <subfield code="y">BK</subfield>
  </datafield>
  <datafield tag="952" ind1=" " ind2=" ">
    <subfield code="0">0</subfield>
    <subfield code="1">0</subfield>
    <subfield code="4">0</subfield>
    <subfield code="7">0</subfield>
    <subfield code="a">CURAJ</subfield>
    <subfield code="b">CURAJ</subfield>
    <subfield code="c">CURAJ</subfield>
    <subfield code="d">2024-08-27</subfield>
    <subfield code="l">1</subfield>
    <subfield code="o">330.954 H91B</subfield>
    <subfield code="p">42754</subfield>
    <subfield code="r">2026-02-02</subfield>
    <subfield code="s">2026-01-19</subfield>
    <subfield code="w">2024-08-27</subfield>
    <subfield code="y">BK</subfield>
  </datafield>
  <datafield tag="952" ind1=" " ind2=" ">
    <subfield code="0">0</subfield>
    <subfield code="1">0</subfield>
    <subfield code="4">0</subfield>
    <subfield code="7">0</subfield>
    <subfield code="8">RTB</subfield>
    <subfield code="a">CURAJ</subfield>
    <subfield code="b">CURAJ</subfield>
    <subfield code="c">CURAJ</subfield>
    <subfield code="d">2024-08-27</subfield>
    <subfield code="l">0</subfield>
    <subfield code="o">330.954 H91B</subfield>
    <subfield code="p">42755</subfield>
    <subfield code="r">2024-08-27</subfield>
    <subfield code="w">2024-08-27</subfield>
    <subfield code="y">BK</subfield>
  </datafield>
  <datafield tag="952" ind1=" " ind2=" ">
    <subfield code="0">0</subfield>
    <subfield code="1">0</subfield>
    <subfield code="4">0</subfield>
    <subfield code="7">0</subfield>
    <subfield code="a">CURAJ</subfield>
    <subfield code="b">CURAJ</subfield>
    <subfield code="c">CURAJ</subfield>
    <subfield code="d">2024-08-27</subfield>
    <subfield code="l">1</subfield>
    <subfield code="o">330.954 H91B</subfield>
    <subfield code="p">42756</subfield>
    <subfield code="r">2026-06-09</subfield>
    <subfield code="s">2026-06-01</subfield>
    <subfield code="w">2024-08-27</subfield>
    <subfield code="y">BK</subfield>
  </datafield>
  <datafield tag="952" ind1=" " ind2=" ">
    <subfield code="0">0</subfield>
    <subfield code="1">0</subfield>
    <subfield code="4">0</subfield>
    <subfield code="7">0</subfield>
    <subfield code="a">CURAJ</subfield>
    <subfield code="b">CURAJ</subfield>
    <subfield code="c">CURAJ</subfield>
    <subfield code="d">2024-08-27</subfield>
    <subfield code="l">0</subfield>
    <subfield code="o">330.954 H91B</subfield>
    <subfield code="p">42757</subfield>
    <subfield code="r">2024-08-27</subfield>
    <subfield code="w">2024-08-27</subfield>
    <subfield code="y">BK</subfield>
  </datafield>
</record>
